<?xml version="1.0" encoding="UTF-8"?>
<record
    xmlns:xsi="http://www.w3.org/2001/XMLSchema-instance"
    xsi:schemaLocation="http://www.loc.gov/MARC21/slim http://www.loc.gov/standards/marcxml/schema/MARC21slim.xsd"
    xmlns="http://www.loc.gov/MARC21/slim">

  <leader>00312nam a22001337a 4500</leader>
  <controlfield tag="008">260323b        |||||||| |||| 00| 0 eng d</controlfield>
  <datafield tag="020" ind1=" " ind2=" ">
    <subfield code="a">9789391910945</subfield>
  </datafield>
  <datafield tag="040" ind1=" " ind2=" ">
    <subfield code="a">02</subfield>
  </datafield>
  <datafield tag="100" ind1=" " ind2=" ">
    <subfield code="a">SARAVANAN,G.</subfield>
  </datafield>
  <datafield tag="245" ind1=" " ind2=" ">
    <subfield code="a">PHARMACEUTICAL BIOCHEMISRY</subfield>
  </datafield>
  <datafield tag="260" ind1=" " ind2=" ">
    <subfield code="a">HYDERABAD</subfield>
    <subfield code="b">PHARMA MED</subfield>
    <subfield code="c">2022</subfield>
  </datafield>
  <datafield tag="300" ind1=" " ind2=" ">
    <subfield code="a">518</subfield>
  </datafield>
  <datafield tag="942" ind1=" " ind2=" ">
    <subfield code="c">01</subfield>
  </datafield>
  <datafield tag="999" ind1=" " ind2=" ">
    <subfield code="c">67439</subfield>
    <subfield code="d">67439</subfield>
  </datafield>
  <datafield tag="952" ind1=" " ind2=" ">
    <subfield code="0">0</subfield>
    <subfield code="1">0</subfield>
    <subfield code="2">ddc</subfield>
    <subfield code="4">0</subfield>
    <subfield code="6">615_000000000000000_19SAR</subfield>
    <subfield code="7">0</subfield>
    <subfield code="9">567047</subfield>
    <subfield code="a">02</subfield>
    <subfield code="b">02</subfield>
    <subfield code="d">2026-03-20</subfield>
    <subfield code="e">R.LALL</subfield>
    <subfield code="g">895.00</subfield>
    <subfield code="l">0</subfield>
    <subfield code="o">615.19(SAR)</subfield>
    <subfield code="p">02-B-15246</subfield>
    <subfield code="r">2026-03-23</subfield>
    <subfield code="w">2026-03-23</subfield>
    <subfield code="y">01</subfield>
  </datafield>
  <datafield tag="952" ind1=" " ind2=" ">
    <subfield code="0">0</subfield>
    <subfield code="1">0</subfield>
    <subfield code="2">ddc</subfield>
    <subfield code="4">0</subfield>
    <subfield code="6">615_000000000000000_19SAR</subfield>
    <subfield code="7">0</subfield>
    <subfield code="9">567048</subfield>
    <subfield code="a">02</subfield>
    <subfield code="b">02</subfield>
    <subfield code="d">2026-03-20</subfield>
    <subfield code="e">R.LALL</subfield>
    <subfield code="g">895.00</subfield>
    <subfield code="l">0</subfield>
    <subfield code="o">615.19(SAR)</subfield>
    <subfield code="p">02-B-15247</subfield>
    <subfield code="r">2026-03-23</subfield>
    <subfield code="w">2026-03-23</subfield>
    <subfield code="y">01</subfield>
  </datafield>
  <datafield tag="952" ind1=" " ind2=" ">
    <subfield code="0">0</subfield>
    <subfield code="1">0</subfield>
    <subfield code="2">ddc</subfield>
    <subfield code="4">0</subfield>
    <subfield code="6">615_000000000000000_19SAR</subfield>
    <subfield code="7">0</subfield>
    <subfield code="9">567049</subfield>
    <subfield code="a">02</subfield>
    <subfield code="b">02</subfield>
    <subfield code="d">2026-03-20</subfield>
    <subfield code="e">R.LALL</subfield>
    <subfield code="g">895.00</subfield>
    <subfield code="l">0</subfield>
    <subfield code="o">615.19(SAR)</subfield>
    <subfield code="p">02-B-15248</subfield>
    <subfield code="r">2026-03-23</subfield>
    <subfield code="w">2026-03-23</subfield>
    <subfield code="y">01</subfield>
  </datafield>
  <datafield tag="952" ind1=" " ind2=" ">
    <subfield code="0">0</subfield>
    <subfield code="1">0</subfield>
    <subfield code="2">ddc</subfield>
    <subfield code="4">0</subfield>
    <subfield code="6">615_000000000000000_19SAR</subfield>
    <subfield code="7">0</subfield>
    <subfield code="9">567050</subfield>
    <subfield code="a">02</subfield>
    <subfield code="b">02</subfield>
    <subfield code="d">2026-03-20</subfield>
    <subfield code="e">R.LALL</subfield>
    <subfield code="g">895.00</subfield>
    <subfield code="l">0</subfield>
    <subfield code="o">615.19(SAR)</subfield>
    <subfield code="p">02-B-15249</subfield>
    <subfield code="r">2026-03-23</subfield>
    <subfield code="w">2026-03-23</subfield>
    <subfield code="y">01</subfield>
  </datafield>
  <datafield tag="952" ind1=" " ind2=" ">
    <subfield code="0">0</subfield>
    <subfield code="1">0</subfield>
    <subfield code="2">ddc</subfield>
    <subfield code="4">0</subfield>
    <subfield code="6">615_000000000000000_19SAR</subfield>
    <subfield code="7">0</subfield>
    <subfield code="9">567051</subfield>
    <subfield code="a">02</subfield>
    <subfield code="b">02</subfield>
    <subfield code="d">2026-03-20</subfield>
    <subfield code="e">R.LALL</subfield>
    <subfield code="g">895.00</subfield>
    <subfield code="l">0</subfield>
    <subfield code="o">615.19(SAR)</subfield>
    <subfield code="p">02-B-15250</subfield>
    <subfield code="r">2026-03-23</subfield>
    <subfield code="w">2026-03-23</subfield>
    <subfield code="y">01</subfield>
  </datafield>
  <datafield tag="952" ind1=" " ind2=" ">
    <subfield code="0">0</subfield>
    <subfield code="1">0</subfield>
    <subfield code="2">ddc</subfield>
    <subfield code="4">0</subfield>
    <subfield code="6">615_000000000000000_19SAR</subfield>
    <subfield code="7">0</subfield>
    <subfield code="9">567052</subfield>
    <subfield code="a">02</subfield>
    <subfield code="b">02</subfield>
    <subfield code="d">2026-03-20</subfield>
    <subfield code="e">R.LALL</subfield>
    <subfield code="g">895.00</subfield>
    <subfield code="l">0</subfield>
    <subfield code="o">615.19(SAR)</subfield>
    <subfield code="p">02-B-15251</subfield>
    <subfield code="r">2026-03-23</subfield>
    <subfield code="w">2026-03-23</subfield>
    <subfield code="y">01</subfield>
  </datafield>
  <datafield tag="952" ind1=" " ind2=" ">
    <subfield code="0">0</subfield>
    <subfield code="1">0</subfield>
    <subfield code="2">ddc</subfield>
    <subfield code="4">0</subfield>
    <subfield code="6">615_000000000000000_19SAR</subfield>
    <subfield code="7">0</subfield>
    <subfield code="9">567053</subfield>
    <subfield code="a">02</subfield>
    <subfield code="b">02</subfield>
    <subfield code="d">2026-03-20</subfield>
    <subfield code="e">R.LALL</subfield>
    <subfield code="g">895.00</subfield>
    <subfield code="l">0</subfield>
    <subfield code="o">615.19(SAR)</subfield>
    <subfield code="p">02-B-15252</subfield>
    <subfield code="r">2026-03-23</subfield>
    <subfield code="w">2026-03-23</subfield>
    <subfield code="y">01</subfield>
  </datafield>
  <datafield tag="952" ind1=" " ind2=" ">
    <subfield code="0">0</subfield>
    <subfield code="1">0</subfield>
    <subfield code="2">ddc</subfield>
    <subfield code="4">0</subfield>
    <subfield code="6">615_000000000000000_19SAR</subfield>
    <subfield code="7">0</subfield>
    <subfield code="9">567054</subfield>
    <subfield code="a">02</subfield>
    <subfield code="b">02</subfield>
    <subfield code="d">2026-03-20</subfield>
    <subfield code="e">R.LALL</subfield>
    <subfield code="g">895.00</subfield>
    <subfield code="l">0</subfield>
    <subfield code="o">615.19(SAR)</subfield>
    <subfield code="p">02-B-15253</subfield>
    <subfield code="r">2026-03-23</subfield>
    <subfield code="w">2026-03-23</subfield>
    <subfield code="y">01</subfield>
  </datafield>
  <datafield tag="952" ind1=" " ind2=" ">
    <subfield code="0">0</subfield>
    <subfield code="1">0</subfield>
    <subfield code="2">ddc</subfield>
    <subfield code="4">0</subfield>
    <subfield code="6">615_000000000000000_19SAR</subfield>
    <subfield code="7">0</subfield>
    <subfield code="9">567055</subfield>
    <subfield code="a">02</subfield>
    <subfield code="b">02</subfield>
    <subfield code="d">2026-03-20</subfield>
    <subfield code="e">R.LALL</subfield>
    <subfield code="g">895.00</subfield>
    <subfield code="l">0</subfield>
    <subfield code="o">615.19(SAR)</subfield>
    <subfield code="p">02-B-15254</subfield>
    <subfield code="r">2026-03-23</subfield>
    <subfield code="w">2026-03-23</subfield>
    <subfield code="y">01</subfield>
  </datafield>
  <datafield tag="952" ind1=" " ind2=" ">
    <subfield code="0">0</subfield>
    <subfield code="1">0</subfield>
    <subfield code="2">ddc</subfield>
    <subfield code="4">0</subfield>
    <subfield code="6">615_000000000000000_19SAR</subfield>
    <subfield code="7">0</subfield>
    <subfield code="9">567056</subfield>
    <subfield code="a">02</subfield>
    <subfield code="b">02</subfield>
    <subfield code="d">2026-03-20</subfield>
    <subfield code="e">R.LALL</subfield>
    <subfield code="g">895.00</subfield>
    <subfield code="l">0</subfield>
    <subfield code="o">615.19(SAR)</subfield>
    <subfield code="p">02-B-15255</subfield>
    <subfield code="r">2026-03-23</subfield>
    <subfield code="w">2026-03-23</subfield>
    <subfield code="y">01</subfield>
  </datafield>
</record>
